000 00274nam a2200109Ia 4500
008 201224s9999 xx 000 0 und d
100 _aLumby, Steve
245 0 _aInvestment Appraisal and Financial Decisions
260 _aLondon
_bChapman & Hall
300 _a667
942 _cBK
999 _c8862
_d8862